000 00332nam a22001457a 4500
003 OSt
005 20160727222458.0
008 160705b xxu||||| |||| 00| 0 eng d
040 _cTEST
100 _92230
_a Panandiker, S
245 _aChitku
260 _aN.D
_b Children Books Trust
_c2003
300 _aChitku
942 _2ddc
_cBK
999 _c1919
_d1919